000
00339nam a2200145Ia 4500
005
20251222142001.0
008
251222s9999||||xx |||||||||||||| ||spa||
020
_a
9786124544101
082
_a
800/H52
100
_a
Higa, Augusto
245
0
_a
Dos Pájaros, Un Tiro y Otros Cuentos
250
_a
1ra.ed.
264
_b
MLV
942
_c
LIB
999
_c
10012
_d
10012